[Event "AUTO-OPEN-394"]
[Site "http://www.queenalice.com/game.php?id=108308"]
[Date "2006.9.21"]
[Round "1"]
[White "Hudson"]
[Black "gomes"]
[Result "0-1"]
[WhiteElo "1629"]
[BlackElo "1464"]

1. e4 d5 2. e5 a6 3. Nf3 Nc6 4. d4 Bg4 5. h3 Bxf3 6. Qxf3 e6 7. c3 f6 8. exf6
Qxf6 9. Qxf6 Nxf6 10. f3 Bd6 11. Bd3 O-O 12. O-O Rae8 13. Na3 e5 14. Nc2 exd4
15. cxd4 Bg3 16. b4 Re6 17. a4 Rfe8 18. b5 Nb8 19. Bd2 axb5 20. axb5 Nbd7 21.
Ra7 c5 22. bxc6 bxc6 0-1

[Event "AUTO-OPEN-394"]
[Site "http://www.queenalice.com/game.php?id=108309"]
[Date "2006.9.21"]
[Round "1"]
[White "gomes"]
[Black "Hudson"]
[Result "1-0"]
[WhiteElo "1389"]
[BlackElo "1672"]

1. d4 d5 2. Qd3 Nc6 3. Bf4 f6 4. Nc3 b6 5. e4 Nb4 6. Qe2 dxe4 7. Nxe4 Bf5 8. c3
Nd5 9. g3 h6 10. Bh3 Nxf4 11. gxf4 Bxh3 12. Nxh3 Qd5 13. O-O e6 14. Rfd1 g6 15.
c4 Qd7 16. f3 f5 17. Ng3 O-O-O 18. d5 exd5 19. Rd4 Bc5 20. Rd1 dxc4 21. Qxc4
Bxd4+ 22. Rxd4 Qxd4+ 23. Qxd4 1-0

[Event "AUTO-INT-2194"]
[Site "http://www.queenalice.com/game.php?id=1007321"]
[Date "2011.11.11"]
[Round "1"]
[White "zemaria"]
[Black "gomes"]
[Result "1-0"]
[WhiteElo "1703"]
[BlackElo "1524"]

1. e4 d5 2. Nc3 e6 3. d4 a5 4. exd5 exd5 5. Bd3 Ne7 6. Nf3 g6 7. Be3 Nbc6 8. Bf4
Bg7 9. Nb5 O-O 10. Be2 Re8 11. Nxc7 Rb8 12. Nxe8 Qxe8 13. Bxb8 Nxb8 14. Ne5 Nec6
15. Qd2 Nxe5 16. dxe5 Qxe5 17. c3 Nc6 18. Qe3 Qf6 19. Qe8+ Bf8 20. Qxc8 Qe7 21.
Rd1 h5 22. Rxd5 Kh7 23. Rd7 Qg5 24. Rxf7+ Bg7 25. O-O Qe5 26. Bf3 1-0

[Event "AUTO-INT-2194"]
[Site "http://www.queenalice.com/game.php?id=1007322"]
[Date "2011.11.11"]
[Round "1"]
[White "gomes"]
[Black "zemaria"]
[Result "0-1"]
[WhiteElo "1555"]
[BlackElo "1690"]

1. d4 e6 2. e3 d5 3. Bd3 c6 4. Nc3 Qc7 5. Qe2 Nf6 6. f3 Bd6 7. e4 e5 8. dxe5
Bxe5 9. exd5 O-O 10. Bg5 Re8 11. dxc6 Bxc3+ 12. bxc3 Rxe2+ 13. Nxe2 Nxc6 14. f4
Qe7 15. O-O h6 16. Bxf6 Qxf6 17. Rae1 Ne7 18. Nd4 Ng6 19. f5 Nf8 20. g4 Qg5 21.
h3 Bd7 22. Re2 Rc8 23. Rfe1 Qh4 24. Re3 Re8 25. Rxe8 Bxe8 26. Rxe8 Qg3+ 27. Kf1
Qxh3+ 28. Ke1 Qxg4 29. Re2 h5 30. a4 h4 31. a5 a6 32. f6 h3 33. Kd2 Qf4+ 34. Kd1
g6 35. Nb3 g5 36. Re1 g4 37. Nd2 g3 38. Rf1 Qg5 39. Ne4 Qg4+ 40. Kc1 g2 0-1

[Event "AUTO-INT-2194"]
[Site "http://www.queenalice.com/game.php?id=1007339"]
[Date "2011.11.11"]
[Round "1"]
[White "Givanildo"]
[Black "gomes"]
[Result "0-1"]
[WhiteElo "1570"]
[BlackElo "1495"]

1. e4 d5 2. Bb5+ c6 3. Ba4 b5 4. Bb3 e6 5. e5 Nd7 6. d4 Ba6 7. Bf4 g5 8. Be3 Bh6
9. h4 gxh4 10. Bxh6 Nxh6 11. Nf3 Nf5 12. Nbd2 Qa5 13. c3 Rg8 14. Nxh4 b4 15.
Nxf5 exf5 16. Bc2 bxc3 17. Nb3 Qd8 18. bxc3 Rxg2 19. Bxf5 Qg5 20. Bxd7+ Kxd7 21.
Qh5 Rg1+ 22. Rxg1 Qxg1+ 23. Kd2 Qxf2+ 24. Kc1 Qe3+ 25. Nd2 Qxc3+ 26. Kb1 Bd3#
0-1

[Event "AUTO-INT-2194"]
[Site "http://www.queenalice.com/game.php?id=1007340"]
[Date "2011.11.11"]
[Round "1"]
[White "gomes"]
[Black "Givanildo"]
[Result "1-0"]
[WhiteElo "1511"]
[BlackElo "1682"]

1. d3 e5 2. e4 Qf6 3. Nc3 c6 4. Be3 b6 5. Nf3 h6 6. Qd2 g5 7. O-O-O Bb4 8. a3
Bxc3 9. Qxc3 d6 10. d4 Bg4 11. h3 Bh5 12. g4 Bg6 13. dxe5 Qe6 14. exd6 Rh7 15.
d7+ Nxd7 16. e5 c5 17. Bc4 Qc6 18. Bd5 Qc8 19. e6 fxe6 20. Bxe6 Be4 21. Bxd7+
Rxd7 22. Qe5+ Re7 23. Qh8 Kf8 24. Rd6 Kf7 25. Ne5+ Rxe5 26. Rhd1 Re7 27. f4 Re6
28. f5 Rf6 29. Rd7+ Ne7 30. Qh7+ Kf8 31. Qxe7+ Kg8 32. Qg7# 1-0

[Event "Challenge"]
[Site "http://www.queenalice.com/game.php?id=1007989"]
[Date "2011.11.13"]
[Round "-"]
[White "leoskye"]
[Black "gomes"]
[Result "1-0"]
[WhiteElo "1979"]
[BlackElo "1531"]

1. d4 d6 2. c4 e5 3. dxe5 dxe5 4. Qxd8+ Kxd8 5. Nc3 Nc6 6. Bg5+ f6 7. O-O-O+ Bd7
8. Bh4 g5 9. Bg3 Bh6 10. e3 Kc8 11. f3 Nge7 12. Bd3 a5 13. Nge2 b6 14. a3 Rd8
15. Kb1 g4 16. f4 Nf5 17. Bxf5 Bxf5+ 18. e4 Bg6 19. Rxd8+ Nxd8 20. f5 Bf7 21.
Nd5 Bxd5 22. cxd5 Kb7 23. h3 gxh3 24. Rxh3 Nf7 25. Bh4 Bg5 26. Bxg5 Nxg5 27. Re3
c5 28. a4 c4 29. Nc3 Rg8 30. Re2 h5 31. Nb5 h4 32. Nd6+ Kc7 33. Nxc4 h3 34. gxh3
Nxh3 35. Rc2 Nf4 36. Nxe5+ Kd6 37. Nf3 Rg3 38. Rc6+ Ke7 39. Nd4 Re3 40. Rxb6
Rxe4 41. Ne6 Re1+ 42. Ka2 Nxd5 43. Rb5 Re5 44. Nd4 Ne3 45. Nc6+ Kd6 46. Nxe5
fxe5 47. f6 Ke6 48. Rxe5+ Kxe5 49. f7 1-0

[Event "Challenge"]
[Site "http://www.queenalice.com/game.php?id=1010816"]
[Date "2011.11.21"]
[Round "-"]
[White "tictickets"]
[Black "gomes"]
[Result "1-0"]
[WhiteElo "1711"]
[BlackElo "1542"]

1. e4 d5 2. Qf3 e6 3. exd5 exd5 4. Nc3 Be6 5. d4 Nc6 6. Bb5 Bd6 7. Nge2 Nf6 8.
Bg5 Be7 9. Nf4 O-O 10. Bxc6 bxc6 11. O-O-O Bg4 12. Qe3 Bxd1 13. Rxd1 Re8 14. Qg3
Ne4 15. Nxe4 dxe4 16. Bxe7 Qxe7 17. Re1 f5 18. Qc3 Qd6 19. g3 Rad8 20. Rd1 Rd7
21. Qb3+ Kh8 22. h4 c5 23. Ne2 Red8 24. d5 Qe5 25. c4 c6 26. Nf4 Rb8 27. Qa3
Rdb7 28. Rd2 h6 29. Ng6+ Kh7 30. Nxe5 cxd5 31. cxd5 Rc8 32. Qa6 Re7 33. Qxc8
Rxe5 34. d6 e3 35. fxe3 Rxe3 36. Qxf5+ 1-0